00382nam a2200157Ia 4500008004100000020001500041041001200056082001600068100001700084245006100101250000800162260002500170300000800195650000700203700001400210221030s9999 xx 000 0 und d a0070593574 aEnglish a105.23bMit aV. N. Mittle 0aBasic Electrical Engineeringcby V. N. Mittle, A. Mittal a2nd bTMHaNew Delhic2006 a828 aEE aA. Mittal